Statistics for Boston Celtics 20 Points Per Game Players

Click here to take the quiz!

General Stats

  • This quiz has been taken 35 times
  • The average score is 11 of 16

Answer Stats

# Players Last % Correct
11Larry Bird1992
100%
8Paul Pierce2009
100%
5Kevin McHale1990
100%
8John Havlicek1974
94%
3Bob Cousy1957
90%
2Isaiah Thomas2017
87%
5Antoine Walker2003
81%
2Kyrie Irving2019
81%
4Sam Jones1968
77%
2Jo Jo White1972
61%
2Dave Cowens1975
61%
3Tom Heinsohn1962
55%
2Reggie Lewis1993
42%
3Bill Sharman1959
39%
2Ed Macauley1953
26%
1Bailey Howell1967
13%

Score Distribution

Percentile by Number Answered

Percent of People with Each Score

Your Score History

You have not taken this quiz